00286 a2200121 4500003000500000005001700005040000900022082000800031245005500039260004500094300000900139650001600148Nust20170207153530.0 cNust a297 aMehboob-i-Khuda Ki Pyari Duainc Mazhar Rauf Ahsen aRawalpindib Mazhar Rauf Ahsen Publisher a96:p aDua, Siratt